[Event "43rd World U20 ch"]
[Site "Kochi IND"]
[Date "2004.11.26"]
[Round "8.10"]
[White "Perdomo, Leandro"]
[Black "Venkatesh, Marani Rajendran"]
[Result "1/2-1/2"]
[WhiteElo "2312"]
[BlackElo "2450"]
[EventDate "2004.11.19"]
[PlyCount "66"]

1.d4 Nf6 2.c4 e6 3.Nc3 Bb4 4.e3 O-O 5.Bd3 d5 6.Nf3 c5 7.O-O Nc6 8.a3 Bxc3 
9.bxc3 dxc4 10.Bxc4 Qc7 11.Bb2 e5 12.h3 b6 13.Qe2 Bb7 14.Bb5 e4 15.Nd2 Ne7
16.c4 cxd4 17.Bxd4 Ne8 18.c5 Nf5 19.cxb6 axb6 20.Nb3 Bd5 21.Rfc1 Qb7 22.
Qc2 Qe7 23.Qb2 Qg5 24.Nd2 Nh4 25.Bf1 Nf3+ 26.Kh1 Nxd4 27.Qxd4 Qf5 28.Nc4 
Bxc4 29.Bxc4 Nf6 30.Ra2 Rab8 31.Rb1 b5 32.Bf1 Rfd8 33.Rxb5 Qc8 1/2-1/2

[Event "43rd World U20 ch"]
[Site "Kochi IND"]
[Date "2004.11.26"]
[Round "8.11"]
[White "Paragua, Mark"]
[Black "Poobesh Anand, Selvaraj"]
[Result "1-0"]
[WhiteElo "2534"]
[BlackElo "2367"]
[EventDate "2004.11.19"]
[PlyCount "91"]

1.e4 c5 2.Nf3 Nc6 3.d4 cxd4 4.Nxd4 Nf6 5.Nc3 d6 6.Be2 e5 7.Nf3 h6 8.O-O 
Be7 9.h3 O-O 10.Re1 Be6 11.Bf1 Rc8 12.Nd5 Bxd5 13.exd5 Nb4 14.c4 a5 15.b3 
Na6 16.a3 b6 17.b4 Nc7 18.Be3 Rb8 19.Ra2 Ne4 20.Qc2 Ng5 21.Nd2 f5 22.f3 
Qd7 23.Bf2 Nh7 24.Nb1 Kh8 25.Nc3 Nf6 26.Rb1 Rfc8 27.Rab2 axb4 28.Rxb4 
Ncxd5 29.cxd5 Nxd5 30.Rc4 Nxc3 31.Qxc3 Rxc4 32.Bxc4 Rc8 33.Qb3 Rb8 34.Be6 
Qc6 35.Bxf5 d5 36.Qe3 Bf6 37.Rc1 Qd6 38.Qb3 Be7 39.a4 Rf8 40.Bb1 e4 41.
Qxb6 Qa3 42.Rf1 Bd6 43.Qe3 Qxa4 44.fxe4 Re8 45.Qd2 Qa6 46.exd5 1-0

[Event "43rd World U20 ch"]
[Site "Kochi IND"]
[Date "2004.11.26"]
[Round "8.13"]
[White "Lafuente, Pablo"]
[Black "Tikkanen, Hans"]
[Result "1/2-1/2"]
[WhiteElo "2473"]
[BlackElo "2338"]
[EventDate "2004.11.19"]
[PlyCount "131"]

1.d4 g6 2.c4 Bg7 3.Nc3 d6 4.Nf3 c5 5.e4 cxd4 6.Nxd4 Nc6 7.Be3 Nf6 8.Be2 
O-O 9.O-O Re8 10.Nb3 b6 11.f4 Ba6 12.a3 Nd7 13.Rc1 Rc8 14.Rf2 Nc5 15.Nd2 
Bd4 16.Bxd4 Nxd4 17.b4 Nxe2+ 18.Qxe2 Nd7 19.a4 Bb7 20.Rb1 Qc7 21.Nb5 Qb8 
22.Rf3 a5 23.bxa5 bxa5 24.Rh3 Bc6 25.Qf2 Qa8 26.Re1 Nf8 27.f5 Bxb5 28.axb5
Rc5 29.Rf1 f6 30.Ra1 Qc8 31.Rxa5 gxf5 32.exf5 Rxf5 33.Rf3 Rxf3 34.Qxf3 
Qc5+ 35.Qf2 Nd7 36.Ra7 Ne5 37.Qxc5 dxc5 38.Rc7 Rd8 39.b6 Rxd2 40.b7 Rd1+ 
41.Kf2 Rb1 42.Rxe7 Rb2+ 43.Kg3 Rb3+ 44.Kf2 Rb2+ 45.Kf1 Rb1+ 46.Ke2 Rb2+ 
47.Kd1 Nc6 48.Rc7 Nd8 49.Rc8 Rxb7 50.Rxd8+ Kg7 51.Kc2 Ra7 52.Kb3 Rb7+ 53.
Kc3 Rb1 54.Rd5 Rh1 55.Rh5 Kg6 56.g4 Rc1+ 57.Kb3 Rb1+ 58.Ka3 Ra1+ 59.Kb2 
Rg1 60.h3 Rg3 61.Kc2 h6 62.Kd2 Ra3 63.Ke2 Rc3 64.Rxc5 Rxh3 65.Rd5 Rg3 66.
Rd4 1/2-1/2

[Event "43rd World U20 ch"]
[Site "Kochi IND"]
[Date "2004.11.26"]
[Round "8.14"]
[White "Sai Srinivas, Dasari"]
[Black "Gupta, Abhijeet"]
[Result "1-0"]
[WhiteElo "2237"]
[BlackElo "2412"]
[EventDate "2004.11.19"]
[PlyCount "117"]

1.e4 c5 2.Nf3 d6 3.d4 cxd4 4.Nxd4 Nf6 5.f3 e5 6.Bb5+ Bd7 7.Bxd7+ Qxd7 8.
Nf5 d5 9.Bg5 dxe4 10.Bxf6 Qxd1+ 11.Kxd1 gxf6 12.fxe4 Rg8 13.g3 Nc6 14.c3 
Ne7 15.Nd2 Nxf5 16.exf5 Rg4 17.Kc2 Bh6 18.Nf3 O-O-O 19.Rhe1 e4 20.Nd4 Bf8 
21.Rad1 h5 22.Ne2 Bd6 23.Rd5 Be5 24.Rxd8+ Kxd8 25.Kd2 Kc7 26.Rf1 Kd7 27.h3
Rg5 28.Ke3 Bxg3 29.Kxe4 Bh2 30.Rh1 Bd6 31.Rg1 Ke7 32.h4 Rg4+ 33.Rxg4 hxg4 
34.Nf4 Kf8 35.Nd5 Kg7 36.Ne3 g3 37.Kf3 Kh6 38.Nf1 Kh5 39.Nxg3+ Kxh4 40.Ne4
Be5 41.Nc5 b6 42.Nd3 Kg5 43.Ke4 Bd6 44.c4 a5 45.b3 Kg4 46.Nb2 Bc7 47.a3 
Kg5 48.b4 axb4 49.axb4 Kh6 50.Na4 Bd8 51.Nc3 Be7 52.Nd5 Bd6 53.Nxb6 Bxb4 
54.Nd7 Kg7 55.c5 Ba5 56.c6 Bc7 57.Nc5 Kf8 58.Na6 Bb6 59.c7 1-0

[Event "43rd World U20 ch"]
[Site "Kochi IND"]
[Date "2004.11.26"]
[Round "8.15"]
[White "Mandizha, Farai"]
[Black "Quan, Zhe"]
[Result "0-1"]
[WhiteElo "2200"]
[BlackElo "2345"]
[EventDate "2004.11.19"]
[PlyCount "112"]

1.d4 Nf6 2.c4 c5 3.d5 b5 4.cxb5 a6 5.bxa6 g6 6.Nc3 Bxa6 7.e4 Bxf1 8.Kxf1 
d6 9.h3 Bg7 10.Nge2 Nbd7 11.Kg1 O-O 12.Kh2 Qa5 13.Bd2 Ne5 14.Qc2 Nc4 15.
Be1 Rfb8 16.Nd1 Qa6 17.Rc1 Nxb2 18.Nec3 Nd3 19.Rb1 Rxb1 20.Qxb1 Nxe1 21.
Rxe1 Nd7 22.Re2 Bd4 23.Rb2 Qf1 24.Qc2 Ra3 25.Rb3 Rxb3 26.axb3 Be5+ 27.g3 
Bxc3 28.Nxc3 Ne5 29.Qe2 Qxe2 30.Nxe2 Nf3+ 31.Kg2 Nd2 32.Nc3 Kg7 33.f4 Nxb3
34.Kf2 Kf6 35.Ke3 Kg7 36.e5 Na5 37.g4 g5 38.fxg5 Nc4+ 39.Kf4 Nxe5 40.h4 
Nd3+ 41.Ke4 Nb4 42.Ne2 e6 43.dxe6 fxe6 44.Nf4 Kf7 45.h5 d5+ 46.Ke5 d4 47.
g6+ hxg6 48.hxg6+ Kg8 49.Ke4 d3 50.Ng2 d2 51.Ne3 Nd5 52.Nd1 c4 53.Kd4 c3 
54.Kd3 Kg7 55.Nxc3 Nxc3 56.Kxd2 Ne4+ 0-1

[Event "43rd World U20 ch"]
[Site "Kochi IND"]
[Date "2004.11.26"]
[Round "8.16"]
[White "Ilyin, Artem"]
[Black "Rohit, Gogineni"]
[Result "1-0"]
[WhiteElo "2522"]
[BlackElo "2281"]
[EventDate "2004.11.19"]
[PlyCount "103"]

1.e4 c5 2.Nf3 d6 3.d4 cxd4 4.Nxd4 Nf6 5.Nc3 Nc6 6.Bg5 e6 7.Qd2 a6 8.O-O-O 
Bd7 9.f4 b5 10.Nxc6 Bxc6 11.Qe3 Be7 12.Bxf6 gxf6 13.f5 Qc7 14.fxe6 fxe6 
15.Kb1 h5 16.Bd3 Kf7 17.Rhf1 Qa7 18.Qh3 Rhg8 19.Ne2 Qc5 20.Nf4 Qe5 21.Rde1
Rg5 22.c3 Bd7 23.Bc2 Rg4 24.Qf3 Rag8 25.Bb3 Ke8 26.g3 a5 27.Nd3 Qg5 28.Nf2
Qc5 29.Nxg4 hxg4 30.Qf2 a4 31.Bc2 e5 32.Bd3 a3 33.Qxc5 dxc5 34.c4 b4 35.
bxa3 bxa3 36.Re3 Kf7 37.Bc2 Ra8 38.Rb3 Be6 39.Bd3 Bd8 40.Rc1 Bd7 41.Rcc3 
Ba4 42.Rxa3 f5 43.Rxa4 Rxa4 44.exf5 Rb4+ 45.Kc2 e4 46.Bxe4 Ra4 47.a3 Ba5 
48.Bc6 Bxc3 49.Bxa4 Bd4 50.Kd3 Kf6 51.Bd7 Bg1 52.Ke2 1-0

[Event "43rd World U20 ch"]
[Site "Kochi IND"]
[Date "2004.11.26"]
[Round "8.17"]
[White "Hasan Parag, Mehdi"]
[Black "Arghyadip Das"]
[Result "0-1"]
[WhiteElo "2251"]
[BlackElo "2353"]
[EventDate "2004.11.19"]
[PlyCount "112"]

1.e4 c5 2.Nf3 d6 3.d4 cxd4 4.Nxd4 Nf6 5.Nc3 Nc6 6.Bg5 Qb6 7.Nb3 e6 8.Be2 
Be7 9.Be3 Qc7 10.O-O a6 11.f4 b5 12.a3 O-O 13.Bf3 Bb7 14.g4 Nd7 15.Bg2 Nb6
16.Nd2 Na5 17.Qe2 Rac8 18.g5 Rfe8 19.Rae1 Nac4 20.Nxc4 Nxc4 21.Nd1 e5 22.
Qf2 d5 23.fxe5 Nxe5 24.Bd4 dxe4 25.Bxe4 Bd6 26.Bb6 Qe7 27.Qh4 Bxe4 28.Qxe4
Qxg5+ 29.Kh1 Re6 30.Rxf7 Nxf7 31.Qxe6 Rxc2 32.Bf2 Qf6 33.Qe4 Rc4 34.Qa8+ 
Bf8 35.Re8 Qc6+ 36.Qxc6 Rxc6 37.Nc3 Nd6 38.Ra8 Nc4 39.Ne4 Kf7 40.Bd4 h6 
41.Kg2 Nd6 42.Ng3 Be7 43.Ra7 g6 44.Be3 Nc8 45.Rb7 Rc2+ 46.Kh3 Rxb2 47.Bxh6
Rb3 48.Bc1 Ke6 49.Rc7 Nd6 50.Ra7 Rc3 51.Bb2 Rc6 52.Ne2 Bf6 53.Bd4 Nc4 54.
Kg4 Ne5+ 55.Kf4 Kd5 56.Bb2 Nd3+ 0-1

[Event "43rd World U20 ch"]
[Site "Kochi IND"]
[Date "2004.11.26"]
[Round "8.21"]
[White "Puneet, Jaiswal"]
[Black "D`Costa, Lorin"]
[Result "0-1"]
[WhiteElo "2212"]
[BlackElo "2358"]
[EventDate "2004.11.19"]
[PlyCount "54"]

1.d4 Nf6 2.c4 g6 3.Nc3 d5 4.cxd5 Nxd5 5.Na4 Nf6 6.Bf4 Bg7 7.e3 O-O 8.Nf3 
c6 9.a3 Nbd7 10.h3 Nd5 11.Bh2 N5b6 12.Nc3 Qe8 13.Bc7 Kh8 14.Qb3 e5 15.Bd6 
exd4 16.Bxf8 Nxf8 17.Nd1 Be6 18.Qc2 Bd5 19.Be2 Be4 20.Qb3 Ne6 21.Rc1 Rd8 
22.exd4 Bd5 23.Qe3 Qf8 24.Qc3 c5 25.O-O cxd4 26.Qa5 Nf4 27.Re1 d3 0-1

[Event "43rd World U20 ch"]
[Site "Kochi IND"]
[Date "2004.11.26"]
[Round "8.22"]
[White "Cereijo, Nicolas"]
[Black "Tallaksen, Geir Sune"]
[Result "0-1"]
[WhiteElo "2120"]
[BlackElo "2343"]
[EventDate "2004.11.19"]
[PlyCount "74"]

1.Nf3 Nf6 2.g3 d5 3.Bg2 e6 4.O-O Be7 5.d3 O-O 6.Nbd2 c5 7.e4 Nc6 8.Re1 Qc7
9.e5 Nd7 10.Qe2 b5 11.Nf1 a5 12.h4 Ba6 13.Bf4 b4 14.Ne3 Nb6 15.Ng4 Qa7 16.
Qd2 Kh8 17.Bg5 c4 18.h5 b3 19.h6 Rg8 20.dxc4 Nxc4 21.Qf4 bxc2 22.Nf6 Nxb2 
23.Nxg8 Rxg8 24.Qxf7 Nd3 25.Rf1 gxh6 26.Bf6+ Bxf6 27.Qxf6+ Rg7 28.Qf8+ Rg8
29.Qf6+ Rg7 30.Bh3 Bc8 31.Kg2 Qf7 32.Qxf7 Rxf7 33.Rac1 Nxc1 34.Rxc1 d4 35.
Rxc2 Bb7 36.Bg4 Nxe5 37.Rc8+ Kg7 0-1

[Event "43rd World U20 ch"]
[Site "Kochi IND"]
[Date "2004.11.26"]
[Round "8.23"]
[White "Mabusela, Johannes"]
[Black "Nanjo, Ryosuke"]
[Result "1-0"]
[WhiteElo "2316"]
[BlackElo "2154"]
[EventDate "2004.11.19"]
[PlyCount "79"]

1.e4 c5 2.Nf3 Nc6 3.Nc3 g6 4.d4 cxd4 5.Nxd4 Bg7 6.Be3 Nf6 7.Bc4 O-O 8.Bb3 
a5 9.a3 a4 10.Ba2 Qa5 11.O-O b5 12.f4 Ng4 13.Qxg4 Bxd4 14.Bxd4 Nxd4 15.Qd1
Qa7 16.Kh1 d6 17.Qd3 Ba6 18.Rfd1 Ne6 19.Qd2 Nc5 20.f5 Bb7 21.fxg6 hxg6 22.
Qh6 e6 23.Re1 Nd7 24.Rf1 Ne5 25.Rf4 Qe3 26.Bxe6 Rae8 27.Nd5 Bxd5 28.Bxd5 
Rc8 29.c3 Rc5 30.Be6 b4 31.c4 bxa3 32.bxa3 d5 33.Qg5 dxc4 34.Qf6 Qxf4 35.
Qxf4 fxe6 36.Qe3 Nd3 37.h3 Rb5 38.Qd4 Rc5 39.Rb1 e5 40.Qd6 1-0

[Event "43rd World U20 ch"]
[Site "Kochi IND"]
[Date "2004.11.26"]
[Round "8.25"]
[White "Gopal, Geetha Narayanan"]
[Black "Aswin, Jayaram"]
[Result "1-0"]
[WhiteElo "2278"]
[BlackElo "2160"]
[EventDate "2004.11.19"]
[PlyCount "105"]

1.e4 c5 2.Nc3 Nc6 3.Nf3 Nf6 4.h3 e5 5.Bc4 Be7 6.d3 O-O 7.O-O h6 8.Nh2 d6 
9.Ng4 Nxg4 10.hxg4 Be6 11.g3 Qd7 12.f3 Nd4 13.a4 h5 14.Bxe6 Qxe6 15.Nd5 
hxg4 16.fxg4 Bd8 17.Kg2 Nc6 18.Qf3 Nd4 19.Qd1 Nc6 20.c4 Qg6 21.Bd2 Bg5 22.
Bxg5 Qxg5 23.Rf5 Qg6 24.g5 Rfe8 25.Qg4 Nb4 26.Nxb4 cxb4 27.Rh1 Kf8 28.Rhf1
Rad8 29.Qh4 Rd7 30.Qh8+ Ke7 31.Rxf7+ Kd8 32.Rxd7+ Kxd7 33.Qh3+ Kc6 34.Qf5 
Re6 35.Qf8 Re8 36.Qf7 Re6 37.Qg8 Qe8 38.Qxe8+ Rxe8 39.Rf7 g6 40.Rg7 Re6 
41.Kf3 b3 42.Ke3 Re8 43.Rxg6 Rh8 44.Rh6 Rg8 45.g6 Kc5 46.Kd2 Kb4 47.Rh7 
Rxg6 48.Rxb7+ Kxa4 49.Rxa7+ Kb4 50.Rb7+ Kc5 51.Rxb3 Rxg3 52.d4+ Kxd4 53.
Rxg3 1-0

[Event "43rd World U20 ch"]
[Site "Kochi IND"]
[Date "2004.11.26"]
[Round "8.26"]
[White "Sandeep, Yalamanchili"]
[Black "Ruijgrok, Dennis"]
[Result "1-0"]
[WhiteElo "2138"]
[BlackElo "2255"]
[EventDate "2004.11.19"]
[PlyCount "63"]

1.d4 d5 2.Nf3 Nf6 3.g3 c6 4.Bg2 Bg4 5.O-O e6 6.c4 Nbd7 7.b3 Be7 8.Bb2 O-O 
9.Nc3 Bh5 10.Nd2 Rc8 11.Rc1 a6 12.a3 b5 13.c5 e5 14.dxe5 Ng4 15.b4 Ngxe5 
16.Qe1 Re8 17.f4 Ng4 18.Nd1 Bf6 19.Bxf6 Qxf6 20.h3 Nh6 21.g4 Bxg4 22.hxg4 
Nxg4 23.Rc3 Re7 24.Rd3 Rce8 25.Qg3 h5 26.e4 Qg6 27.Nf2 Ndf6 28.e5 Nd7 29.
Nxg4 hxg4 30.Nb3 f5 31.Nd4 Nf8 32.Nxc6 1-0

[Event "43rd World U20 ch"]
[Site "Kochi IND"]
[Date "2004.11.26"]
[Round "8.27"]
[White "Arun, Karthik Ravichandra"]
[Black "Tiwari, Arjun"]
[Result "1-0"]
[WhiteElo "2152"]
[BlackElo "2319"]
[EventDate "2004.11.19"]
[PlyCount "151"]

1.e4 c5 2.Nf3 Nc6 3.d4 cxd4 4.Nxd4 Nf6 5.Nc3 e5 6.Ndb5 d6 7.Bg5 a6 8.Na3 
b5 9.Bxf6 gxf6 10.Nd5 f5 11.Bd3 Be6 12.O-O Bg7 13.Qh5 f4 14.c4 bxc4 15.
Bxc4 O-O 16.Rac1 Rb8 17.Bd3 Ne7 18.Nxe7+ Qxe7 19.b3 Kh8 20.Rfd1 Rg8 21.Bc4
Bf6 22.Bxe6 fxe6 23.Nc4 Rbd8 24.Rd3 Qg7 25.Qf3 d5 26.exd5 exd5 27.Rxd5 
Qxg2+ 28.Qxg2 Rxd5 29.Re1 f3 30.Qxg8+ Kxg8 31.h3 Kf7 32.Re3 Ke6 33.Rxf3 
Rd1+ 34.Kg2 Rd7 35.Re3 Kf5 36.Kf3 Rd4 37.Re4 Rd3+ 38.Ne3+ Ke6 39.Ra4 Rd6 
40.Ke4 Bd8 41.Ng4 Bf6 42.Nxf6 Kxf6 43.f3 h5 44.h4 a5 45.Rc4 Rb6 46.Kd5 Kf5
47.Kc5 Rb8 48.Ra4 Rc8+ 49.Kb5 Rc3 50.Rxa5 Rxf3 51.b4 Ke6 52.Ra8 Kd7 53.Kc5
e4 54.Kd4 Rf4 55.b5 Kc7 56.Re8 e3+ 57.Kxe3 Rxh4 58.Re4 Rh3+ 59.Kd4 Ra3 60.
Re2 h4 61.Kc4 h3 62.Kb4 Rg3 63.Re7+ Kb6 64.Re6+ Kb7 65.Rh6 Rg2 66.a4 h2 
67.Rh7+ Kb8 68.Ka5 Rf2 69.b6 Ra2 70.Kb5 Rg2 71.Ka6 Rg8 72.Rxh2 Rf8 73.a5 
Rg8 74.Rh5 Rf8 75.Kb5 Rf1 76.Rh8+ 1-0

[Event "43rd World U20 ch"]
[Site "Kochi IND"]
[Date "2004.11.26"]
[Round "8.28"]
[White "Nitin, Senthilvel"]
[Black "Mishra, Soumyaranjan"]
[Result "0-1"]
[WhiteElo "2119"]
[BlackElo "2299"]
[EventDate "2004.11.19"]
[PlyCount "56"]

1.e4 c5 2.Nf3 e6 3.d4 cxd4 4.Nxd4 Nc6 5.Nxc6 bxc6 6.Bd3 Nf6 7.O-O d5 8.
exd5 cxd5 9.Bg5 Be7 10.Nc3 O-O 11.Re1 Rb8 12.Rb1 Qa5 13.Bd2 Bd7 14.a3 Rfc8
15.Qe2 Qb6 16.Bf4 Bd6 17.Bg5 Rxc3 18.Bxf6 gxf6 19.Qg4+ Kf8 20.Bxh7 Rc4 21.
Qh5 Qd4 22.g3 Qg4 23.Qh6+ Qg7 24.Qh3 f5 25.Rbd1 Bc5 26.b4 Bb6 27.Re2 Rd4 
28.Rde1 Bb5 0-1

[Event "43rd World U20 ch"]
[Site "Kochi IND"]
[Date "2004.11.26"]
[Round "8.29"]
[White "Artels, Lieven"]
[Black "Mihailidis, Anastasios"]
[Result "1/2-1/2"]
[WhiteElo "2084"]
[BlackElo "2278"]
[EventDate "2004.11.19"]
[PlyCount "92"]

1.e4 e5 2.Bc4 Nf6 3.d3 Nc6 4.Nf3 Be7 5.O-O O-O 6.Re1 a5 7.a4 d5 8.exd5 
Nxd5 9.Nxe5 Nxe5 10.Rxe5 c6 11.Bxd5 cxd5 12.Qf3 Qc7 13.Re2 Bf6 14.c3 Bd7 
15.Bf4 Qb6 16.Na3 Bc6 17.d4 Rfe8 18.Nb5 Bxb5 19.axb5 Qxb5 20.Rae1 a4 21.h3
Rxe2 22.Qxe2 Qxe2 23.Rxe2 h6 24.Bd6 Ra6 25.Ba3 Re6 26.Kf1 Bd8 27.Ke1 Ba5 
28.Kd2 g6 29.Re5 Rxe5 30.dxe5 d4 31.Bb4 dxc3+ 32.Kxc3 Bb6 33.f3 Be3 34.Bd6
b6 35.Kb4 Bd4 36.Ka3 h5 37.g4 hxg4 38.hxg4 g5 39.Be7 Bxe5 40.Bxg5 b5 41.
Bd2 Kf8 42.Bc3 Bxc3 43.bxc3 Ke7 44.c4 bxc4 45.Kxa4 Ke6 46.Kb4 Kd5 1/2-1/2

[Event "43rd World U20 ch"]
[Site "Kochi IND"]
[Date "2004.11.26"]
[Round "8.30"]
[White "Patwardhan, Omkar"]
[Black "Venkat, S. Sundaram"]
[Result "1-0"]
[WhiteElo "2212"]
[BlackElo "2152"]
[EventDate "2004.11.19"]
[PlyCount "49"]

1.Nf3 Nf6 2.e3 g6 3.b3 Bg7 4.Bb2 O-O 5.d4 d6 6.c4 e5 7.dxe5 Ng4 8.Be2 Nxe5
9.Nxe5 dxe5 10.O-O Be6 11.Nc3 Nd7 12.Qc2 Qe7 13.Nb5 Nc5 14.Ba3 Rfe8 15.
Rad1 Bf5 16.Bd3 e4 17.Be2 a6 18.Nd4 Bd7 19.Rd2 Rad8 20.Rfd1 Qg5 21.Bxc5 
Qxc5 22.Nb5 axb5 23.Rxd7 Rxd7 24.Rxd7 b4 25.g3 1-0

[Event "43rd World U20 ch"]
[Site "Kochi IND"]
[Date "2004.11.26"]
[Round "8.31"]
[White "Raghuram, Balaji"]
[Black "Louw, Daniel Johannes"]
[Result "1/2-1/2"]
[WhiteElo "2043"]
[BlackElo "2187"]
[EventDate "2004.11.19"]
[PlyCount "40"]

1.d4 d5 2.c4 dxc4 3.Nf3 Nf6 4.e3 e6 5.Bxc4 a6 6.O-O b5 7.Bb3 c5 8.Qe2 Nc6 
9.Rd1 cxd4 10.exd4 Nb4 11.Nc3 Be7 12.Ne5 Nbd5 13.Nxd5 Nxd5 14.Qf3 Bf6 15.
Qh5 O-O 16.Ng4 g6 17.Nxf6+ Qxf6 18.Qh6 Bb7 19.Bg5 Qh8 20.Qh4 f5 1/2-1/2

[Event "43rd World U20 ch"]
[Site "Kochi IND"]
[Date "2004.11.26"]
[Round "8.32"]
[White "Vaidya Chaitanya, N."]
[Black "Phadke, Sohan"]
[Result "1-0"]
[WhiteElo "2184"]
[BlackElo "2125"]
[EventDate "2004.11.19"]
[PlyCount "61"]

1.d4 Nf6 2.c4 c5 3.d5 b5 4.cxb5 a6 5.bxa6 Bxa6 6.Nc3 d6 7.g3 g6 8.Bg2 Bg7 
9.Nf3 Nbd7 10.Rb1 O-O 11.O-O Qa5 12.Bd2 Bb7 13.Qc2 Qa6 14.e4 Ng4 15.Rfd1 
Qa5 16.b3 Rfc8 17.h3 Nge5 18.Nxe5 Bxe5 19.a4 Ba6 20.Nb5 Qd8 21.f4 Bd4+ 22.
Nxd4 cxd4 23.Qb2 Qb6 24.Kh2 d3 25.Bc3 Rc7 26.e5 Rac8 27.Rbc1 Qe3 28.Re1 
Qc5 29.e6 f6 30.exd7 Rxd7 31.Bxf6 1-0

[Event "43rd World U20 ch"]
[Site "Kochi IND"]
[Date "2004.11.26"]
[Round "8.34"]
[White "Karthikeyan, Pandian"]
[Black "Prasanna, Kannappan"]
[Result "1-0"]
[WhiteElo "2131"]
[BlackElo "2096"]
[EventDate "2004.11.19"]
[PlyCount "121"]

1.e4 c5 2.c4 d6 3.Nc3 Nf6 4.g3 b6 5.Bg2 Bb7 6.Nge2 e6 7.O-O a6 8.b3 Qc7 9.
Bb2 Be7 10.d4 cxd4 11.Nxd4 O-O 12.Rc1 Nbd7 13.Qe2 Rac8 14.Rfd1 Qb8 15.h4 
Rfe8 16.g4 d5 17.g5 Nxe4 18.Nxe4 dxe4 19.Bxe4 Bxe4 20.Qxe4 Nc5 21.Qf3 Qb7 
22.Qxb7 Nxb7 23.Kf1 g6 24.Nc2 Red8 25.Ne3 Nd6 26.Ng4 Ne8 27.Ke2 h5 28.gxh6
Kh7 29.Rh1 f5 30.Ne5 Bf6 31.f4 Nd6 32.Rhd1 Ne4 33.Rxd8 Rxd8 34.Rd1 Rxd1 
35.Kxd1 Kxh6 36.Nf7+ Kh5 37.Bxf6 Nxf6 38.Nd8 Kxh4 39.Nxe6 Nh5 40.b4 Kg3 
41.c5 Nf6 42.c6 Ne8 43.Ke2 Nd6 44.c7 Nc8 45.Ke3 Nd6 46.a4 Kg4 47.Kd4 Nc8 
48.Kd5 g5 49.fxg5 Kh5 50.Kc6 f4 51.Nxf4+ Kxg5 52.Nd5 b5 53.axb5 axb5 54.
Kd7 Na7 55.c8=Q Nxc8 56.Kxc8 Kf5 57.Kc7 Ke4 58.Kc6 Kd4 59.Kxb5 Kxd5 60.Ka6
Kc6 61.b5+ 1-0

[Event "43rd World U20 ch"]
[Site "Kochi IND"]
[Date "2004.11.26"]
[Round "8.35"]
[White "Navin, Kanna"]
[Black "Phanikanth, J. S. S."]
[Result "1-0"]
[WhiteElo "2058"]
[BlackElo "1985"]
[EventDate "2004.11.19"]
[PlyCount "75"]

1.e4 e5 2.Nf3 Nf6 3.d3 Nc6 4.Be2 Bc5 5.c3 d6 6.O-O O-O 7.Nbd2 a6 8.b4 Ba7 
9.a4 Ne7 10.Nc4 Be6 11.Ne3 Ng6 12.g3 d5 13.Qc2 c6 14.c4 Bxe3 15.Bxe3 d4 
16.Bd2 Ne8 17.Ng5 Bd7 18.f4 f6 19.Nf3 Qc7 20.f5 Ne7 21.c5 g5 22.g4 h6 23.
h4 Kg7 24.Kg2 Qb8 25.Rh1 Nc7 26.Rh2 Qa7 27.Rah1 Rh8 28.Qc1 Raf8 29.hxg5 
hxg5 30.Bxg5 Rxh2+ 31.Rxh2 Rg8 32.Rh7+ Kf8 33.Bxf6 Rxg4+ 34.Kh3 Nxf5 35.
Rxd7 Rg3+ 36.Kh2 Rg2+ 37.Kxg2 Ne3+ 38.Kh1 1-0

[Event "43rd World U20 ch"]
[Site "Kochi IND"]
[Date "2004.11.27"]
[Round "9.2"]
[White "Alexeev, Evgeny"]
[Black "Zhao Jun"]
[Result "1/2-1/2"]
[WhiteElo "2604"]
[BlackElo "2511"]
[EventDate "2004.11.19"]
[PlyCount "69"]

1.d4 Nf6 2.Nf3 e6 3.g3 b6 4.Bg2 Bb7 5.O-O d5 6.c4 Nbd7 7.cxd5 Nxd5 8.Nc3 
Be7 9.Nxd5 exd5 10.Qa4 O-O 11.Bh3 Nf6 12.Bf4 c5 13.Rac1 Qe8 14.Qc2 c4 15.
Ne5 b5 16.b3 Rd8 17.Qd2 Nh5 18.Be3 Bd6 19.Nf3 Nf6 20.Nh4 Ne4 21.Qa5 Bb8 
22.Ng2 Rd6 23.f3 Ra6 24.Qe1 Nd6 25.Qd2 Bc8 26.Bxc8 Qxc8 27.Bf4 Ra3 28.Rc2 
Re8 29.Rb1 Ra6 30.Ne3 Qe6 31.Ng2 h6 32.Be5 f6 33.Bxd6 Bxd6 34.bxc4 bxc4 
35.Rb5 1/2-1/2

[Event "43rd World U20 ch"]
[Site "Kochi IND"]
[Date "2004.11.27"]
[Round "9.3"]
[White "Petrosian, Tigran L."]
[Black "Quezada Perez, Yuniesky"]
[Result "0-1"]
[WhiteElo "2539"]
[BlackElo "2513"]
[EventDate "2004.11.19"]
[PlyCount "142"]

1.e4 c5 2.Nc3 d6 3.f4 g6 4.Nf3 Bg7 5.Bc4 e6 6.O-O Ne7 7.d3 Nbc6 8.f5 gxf5 
9.Qe1 O-O 10.Qg3 fxe4 11.dxe4 Ng6 12.Bg5 f6 13.Be3 Nge5 14.Nxe5 Nxe5 15.
Be2 Qe7 16.Rad1 Bd7 17.Bh6 Kh8 18.Bxg7+ Qxg7 19.Qxg7+ Kxg7 20.Rxd6 Kf7 21.
Rdd1 a6 22.Rf4 Ke7 23.Kf2 Rg8 24.Rh4 Rg7 25.g3 b5 26.Ke3 Bc6 27.Nb1 a5 28.
Nd2 a4 29.Nb1 Rb8 30.Na3 Nf7 31.c3 Nd6 32.Bd3 e5 33.Rf1 Be8 34.Nc2 Bf7 35.
a3 Rd8 36.Kf3 Bc4 37.Rd1 Bxd3 38.Rxd3 Nf5 39.exf5 Rxd3+ 40.Ke2 Rd8 41.Rh6 
Rd6 42.Ne1 e4 43.Ng2 Rd5 44.Ne3 Rd8 45.Rh4 Kf8 46.Ng4 Rd6 47.Ke3 Re7 48.
Nf2 Rd5 49.Rf4 b4 50.Nxe4 Rd1 51.Kf3 Rf1+ 52.Nf2 Rd7 53.Ke2 bxa3 54.bxa3 
Rc1 55.Rc4 Rd5 56.g4 Ke7 57.Ne4 Rd4 58.Rxd4 cxd4 59.cxd4 Ra1 60.d5 Rxa3 
61.d6+ Kd7 62.g5 fxg5 63.f6 g4 64.Nd2 Rc3 65.f7 Rc8 66.Nc4 Rf8 67.h3 gxh3 
68.Kf2 Rxf7+ 69.Kg3 Ke6 70.Kxh3 a3 71.d7 Rxd7 0-1

[Event "43rd World U20 ch"]
[Site "Kochi IND"]
[Date "2004.11.27"]
[Round "9.4"]
[White "Drozdovskyi, Yury"]
[Black "Humpy, Koneru"]
[Result "1-0"]
[WhiteElo "2510"]
[BlackElo "2503"]
[EventDate "2004.11.19"]
[PlyCount "64"]

1.d4 Nf6 2.c4 c5 3.Nf3 cxd4 4.Nxd4 b6 5.f3 Bb7 6.e4 d6 7.Nc3 e6 8.Be2 Be7 
9.O-O O-O 10.Be3 a6 11.Qd2 Qc7 12.Rfc1 h5 13.a4 h4 14.a5 bxa5 15.Nb3 h3 
16.g3 Nbd7 17.Nxa5 Ne5 18.Bd4 Nfd7 19.f4 Ng6 20.Bf1 Rab8 21.Nxb7 Qxb7 22.
b4 Nf6 23.b5 e5 24.bxa6 Qc6 25.a7 Ra8 26.Bf2 exf4 27.gxf4 Ng4 28.Nd5 Bh4 
29.Bd4 f5 30.Bxh3 Bf6 31.exf5 Bxd4+ 32.Qxd4 N4e5 1-0

[Event "43rd World U20 ch"]
[Site "Kochi IND"]
[Date "2004.11.27"]
[Round "9.5"]
[White "Sengupta, Deep"]
[Black "Berkes, Ferenc"]
[Result "1-0"]
[WhiteElo "2359"]
[BlackElo "2630"]
[EventDate "2004.11.19"]
[PlyCount "85"]

1.e4 c5 2.Nf3 d6 3.d4 cxd4 4.Nxd4 Nf6 5.f3 e5 6.Bb5+ Nbd7 7.Nf5 d5 8.exd5 
a6 9.Bxd7+ Bxd7 10.Ne3 Bc5 11.Nc3 O-O 12.O-O Qb6 13.Re1 e4 14.Kh1 Rfe8 15.
Bd2 Bd4 16.a4 Rac8 17.a5 Qc5 18.f4 h5 19.Ra3 h4 20.Rb3 Qc7 21.Bc1 Bc5 22.
Qe2 g6 23.Rf1 Bd6 24.Rb6 Nh5 25.Qf2 Kg7 26.Qxh4 Rh8 27.Rxd6 Qxd6 28.Nxe4 
Qb4 29.c4 Rce8 30.Bd2 Qe7 31.Qxe7 Rxe7 32.Nc5 Ng3+ 33.Kg1 Nxf1 34.Bc3+ f6 
35.Nxf1 Rc8 36.Bd4 Kf7 37.Nxb7 Rb8 38.Nd6+ Kg7 39.Bb6 Re2 40.c5 Rxb2 41.c6
Bf5 42.Nxf5+ gxf5 43.d6 1-0

[Event "43rd World U20 ch"]
[Site "Kochi IND"]
[Date "2004.11.27"]
[Round "9.7"]
[White "Quan, Zhe"]
[Black "Paragua, Mark"]
[Result "1-0"]
[WhiteElo "2345"]
[BlackElo "2534"]
[EventDate "2004.11.19"]
[PlyCount "137"]

1.d4 Nf6 2.c4 g6 3.Nc3 Bg7 4.e4 d6 5.f3 O-O 6.Be3 c5 7.Nge2 Nc6 8.d5 Ne5 
9.Ng3 e6 10.Be2 exd5 11.cxd5 a6 12.a4 Bd7 13.h3 b5 14.f4 Nc4 15.Bxc4 bxc4 
16.O-O Re8 17.Qd2 h5 18.e5 Nh7 19.Nge4 dxe5 20.Nd6 exf4 21.Bxf4 Rf8 22.
Nxc4 Qh4 23.Ne5 Bf5 24.d6 Be6 25.Nd5 Ra7 26.Ne7+ Rxe7 27.Nf3 Qf6 28.Be5 
Rb7 29.Bxf6 Bxf6 30.Rf2 Rd8 31.Qa5 Rxd6 32.Qxc5 Rbd7 33.Qb4 Rd5 34.Re2 Be7
35.Qe1 Nf8 36.Rc1 Rd8 37.Re5 R5d6 38.Ng5 Bf6 39.Nxe6 Nxe6 40.Re2 Kg7 41.
Qb4 Rd4 42.Qa5 Nf4 43.Rec2 R8d6 44.Rf1 Re6 45.Rcf2 Rd5 46.Qc7 Be5 47.Qc4 
Rd4 48.Rxf4 Rxc4 49.Rxc4 Bxb2 50.Rc7 Bd4+ 51.Kh1 Bf6 52.Rc4 Be7 53.Rd1 a5 
54.Kg1 h4 55.Kf2 Rf6+ 56.Ke3 Rf5 57.Rb1 Bc5+ 58.Ke4 Bb4 59.Rb2 Kf6 60.Rb3 
Ke6 61.Rf3 Re5+ 62.Kd3 g5 63.Rc6+ Bd6 64.Ra6 f6 65.Re3 Rxe3+ 66.Kxe3 f5 
67.Rxa5 g4 68.Ra6 f4+ 69.Ke4 1-0

[Event "43rd World U20 ch"]
[Site "Kochi IND"]
[Date "2004.11.27"]
[Round "9.8"]
[White "Gareev, Timur"]
[Black "Perdomo, Leandro"]
[Result "1-0"]
[WhiteElo "2525"]
[BlackElo "2312"]
[EventDate "2004.11.19"]
[PlyCount "80"]

1.a3 Nf6 2.Nf3 g6 3.b4 Bg7 4.Bb2 d6 5.d3 O-O 6.g3 e5 7.Bg2 c6 8.e4 a5 9.
Nbd2 axb4 10.axb4 Rxa1 11.Qxa1 Na6 12.Bc3 Be6 13.Ng5 Bd7 14.O-O Ne8 15.
Ngf3 Nec7 16.Qb1 f5 17.Ba1 fxe4 18.Nxe4 Qe7 19.Re1 Bg4 20.Ned2 Qf7 21.Kh1 
Qf5 22.d4 Qh5 23.dxe5 d5 24.Qb3 Ne6 25.Kg1 Bh6 26.c4 Qf5 27.cxd5 cxd5 28.
Rf1 Nac7 29.Nh4 Qh5 30.Ndf3 g5 31.h3 gxh4 32.hxg4 Qxg4 33.Nxh4 Bg5 34.Nf3 
Be7 35.Nh2 Qc4 36.Rc1 Bxb4 37.Rxc4 h5 38.Nf3 Bc5 39.Bc3 Kg7 40.Nh4 Ra8 1-0